000 00339 a2200157 4500
001 61921
020 _a9788506062722
040 _cAnchieta - Pituba
100 _aRodrigues Filho, Edison
240 1 0 _aJardim do céu
_lpor
245 1 0 _aJardim do céu
300 _a134
362 0 _a2010
650 4 _aLiteratura juvenil
942 _cBK
999 _c61921
_d61921